| 000 | 01685nam0a2200349 4500 | ||
|---|---|---|---|
| 001 | RU\NLR\b_ik\202769 | ||
| 005 | 20250613195104.0 | ||
| 010 | _a978-3-642-33151-0 | ||
| 035 | _a(NLR Aleph) 009998548 | ||
| 090 |
_a9778314 _c9778314 |
||
| 100 | _a20130618d2012 |||y0rusy50 ca | ||
| 101 | 0 | _aeng | |
| 102 | _aRU | ||
| 105 | _aa ||||||||| | ||
| 200 | 1 |
_aArgumentation in multi-agent systems _e8th International workshop, ArgMAS 2011, Taipei, Taiwan, May 3, 2011 _erevised selected papers _fPeter McBurney [et al.] (eds.) |
|
| 210 |
_aHeidelberg [etc.] _cSpringer _dcop. 2012 |
||
| 215 |
_aX, 230, [1] с. _cил. _d24 |
||
| 225 | 1 |
_aLecture notes in artificial intelligence _esubseries of Lecture notes in computer science _x0302-9743 _v7543 |
|
| 320 | _aБиблиогр. в конце докл. | ||
| 320 | _aУказ. в конце кн. | ||
| 606 | 1 |
_aИнтеллектуальные информационные системы мультиагентные _jСъезды, совещания и т.п. _92445705 _3RU\NLR\AUTH\661454591 |
|
| 686 | 1 | _aЗ973.233я431(0) | |
| 702 | 1 |
_aMcBurney _bP. _gPeter _4340 |
|
| 711 | 1 | 2 |
_7ba _8eng _aInternational workshop on argumentation in multi-agent systems _eTaipei _f2011 _9388570 _3RU\NLR\AUTH\880360739 |
| 711 | 1 | 2 |
_7ba _8eng _aInternational conference on autonomous agents and multi-agent systems _d10 _eTaipei _f2011 _9388572 _3RU\NLR\AUTH\880360740 |
| 801 | 0 |
_aRU _bNLR _c20130618 _gRCR |
|
| 801 | 1 |
_aRU _bNLR _c20130618 |
|
| 830 | _aМеждународный семинар -аргументация в многоагентных системах. | ||
| 942 | _cBOOK | ||
| 980 | _aNB | ||